000 00679nam a22001937a 4500
999 _c169082
_d169082
005 20191105120947.0
010 _aB-730835
020 _a9789353092054
_c50.00
037 _adpl
_bPratham
082 _aS
100 _aKulkarni, Rohit
245 _aThe pottering pig /
_c by Rohit Kulkarni ; illustrated by Priya Kuriyan
260 _aBangaluru
_bPratham Books
_c2018
270 _a633-634,4th "C" Main,6th 'B' Cross, OMBR Layout Banaswadi,
_bBangalore
_e560043
_k911141042483 (New Delhi)
300 _a16p.
_bill.
_c22cm.(pbk)
700 _aKuriyan, Priya
942 _2ddc
_cCH
_hS
_mKUL